000 00570nam a2200193Ia 4500
003 GCL
008 140319s9999 xx 000 0 ara d
040 _aGCL /
_cGCL
082 0 4 _a953
_bج م
100 1 _aجمال بدوى
245 1 0 _aمسرور السياف واخوانه /
_cجمال بدوى
300 _a151 ص
490 _aالهيئة العامة للاستعلامات
_v0
650 0 4 _aالجرائم السياسية
650 0 4 _aالتاريخ الاسلامى
650 0 4 _aابن المقفع
650 0 4 _aالبرامكة
942 _2ddc
_cBK
999 _c49748
_d49748